000 01945cam a2200397 i 4500
001 17848231
003 EG-ScBUE
005 20250209091853.0
008 130812s2013 ua fr f001 0 eng d
020 _a9789774165894
040 _aDLC
_beng
_erda
_cDLC
_dEG-ScBUE
041 1 _aeng
_hara
043 _af-ua---
082 0 4 _222
_a962.05
_bAMI
100 1 _aAmin, Galal A.,
_d1935-
_eauthor.
240 1 0 _aماذا حدث للثورة المصرية ؟.
_lEnglish
245 1 0 _aWhatever happened to the Egyptian revolution? /
_cGalal Amin ; translated by Jonathan Wright.
264 1 _aCairo ;
_aNew York :
_bThe American University in Cairo Press,
_c2013.
300 _avi, 289 pages ;
_c24 cm
336 _2rdacontent
_atext
_btxt
337 _aunmediated
_2rdamedia
_bn
338 _avolume
_bnc
_2rdacarrier
500 _aIncludes index.
505 0 _aPt. 1. Causes of the revolution. Worse that unemployment -- Appropriating public property -- Bequeathing the unbequeathable -- Selling the unsellable -- Spurious nationalism -- A police state -- pt. 2. Reasons for hope. Harbingers of revolution -- January 25 -- pt. 3. Reasons for concern. A revolution or a coup? -- The mysteries of the Egyptian revolution -- Muslims and Copts -- pt. 4. Prospects for the future. The economy -- Democracy -- Social justice -- Dependency -- A secular state -- Afterword : an abortive revolution?
546 _aText in English ; translated from the original Arabic.
650 7 _aRevolutions
_zEgypt
_xHistory
_y21st century.
_2BUEsh
651 7 _aEgypt
_xHistory
_yProtests, 2011-
_2BUEsh
_936450
651 7 _aEgypt
_xPolitics and government
_y1981-
_2BUEsh
651 7 _aEgypt
_xSocial conditions
_y1981-
_2BUEsh
651 7 _aEgypt
_xEconomic conditions
_y1981-
_2BUEsh
_927375
653 _bBUSBOL
_cOctober2017
655 _vReading book
_934232
700 1 _aWright, Jonathan,
_d1953-,
_etranslator.
942 _2ddc
_cBB
999 _c25479
_d25451